000 00601cam a2200229 4500
008 090401t1992 xxu||||| |||| 00| 0 eng d
020 _a187339425X
035 _a(Sirsi) u78407
041 _aeng
050 _a720.03
100 _aCurl, James Stevens
245 _aEncyclopaedia of architectural terms.
250 _aPaperback ed.
260 _aDonhead St. Mary, Dorset
_bDonhead Publishing Ltd.
_c1992
300 _axii,352p. : ill. ; 24cm.
350 _a19.95
650 _aARCHITECTURE
650 _aDICTIONARIES
690 _aBUILT ENVIRONMENT
942 _n0
948 _c19/05/1997
999 _c96441
_d96441